书目信息 |
| 题名: |
中文版3ds max 9三维效果图快学易通
|
|
| 作者: | 徐阳杰 , 王宏 编著 | |
| 分册: | ||
| 出版信息: | 北京 机械工业出版社 2007.11 |
|
| 页数: | 454页 | |
| 开本: | 26cm | |
| 丛书名: | ||
| 单 册: | ||
| 中图分类: | TP391.41 | |
| 科图分类: | ||
| 主题词: | 三维--san wei--动画--计算机图形学 | |
| 电子资源: | ||
| ISBN: | 978-7-111-22644-4 | |
| 000 | 01028nam0 2200253 450 | |
| 001 | 012008712031 | |
| 005 | 20080422090024.00 | |
| 010 | @a978-7-111-22644-4@dCNY49.80 (含光盘) | |
| 010 | @a978-7-89482-413-4@b光盘 | |
| 100 | @a20080421d2007 em y0chiy0120 ea | |
| 101 | 0 | @achi |
| 102 | @aCN@b110000 | |
| 105 | @aa z 000yy | |
| 106 | @ar | |
| 200 | 1 | @a中文版3ds max 9三维效果图快学易通@Azhong wen ban 3ds max 9 san wei xiao guo tu kuai xue yi tong@f徐阳杰, 王宏等编著@Fxu yang jie,wang hong deng bian zhu |
| 210 | @a北京@c机械工业出版社@d2007.11 | |
| 215 | @a454页@c图@d26cm@e光盘1片 | |
| 330 | @a本书介绍了中文版3ds max 9、Lightscape 3.2和Vray在三维效果图设计应用方面的知识,主要内容包括3ds max 9的基础知识、二维图形的创建及修改、三维修改命令、创建复合物体、3ds max 9制作材质的方法及技巧等。 | |
| 606 | 0 | @a三维@Asan wei@x动画@x计算机图形学 |
| 690 | @aTP391.41@v4 | |
| 701 | 0 | @a徐阳杰@Axu yang jie@4编著 |
| 701 | 0 | @a王宏@Awang hong@4编著 |
| 801 | 0 | @aCN@bQSSK@c20080422 |
| 905 | @b294360-62@dTP391.41@eX832@f3 | |
| 中文版3ds max 9三维效果图快学易通/徐阳杰, 王宏等编著.-北京:机械工业出版社,2007.11 |
| 454页:图;26cm+光盘1片 |
| ISBN 978-7-111-22644-4:CNY49.80 (含光盘) |
| 本书介绍了中文版3ds max 9、Lightscape 3.2和Vray在三维效果图设计应用方面的知识,主要内容包括3ds max 9的基础知识、二维图形的创建及修改、三维修改命令、创建复合物体、3ds max 9制作材质的方法及技巧等。 |
| ● |
| 相关链接 |
|
|
|
正题名:中文版3ds max 9三维效果图快学易通
索取号:TP391.41/X832
 
预约/预借
| 序号 | 登录号 | 条形码 | 馆藏地/架位号 | 状态 | 备注 |
| 1 | 294360 | 202943609 | 自科二线404/404自科库 14排6列4层/ [索取号:TP391.41/X832] | 在馆 | |
| 2 | 294361 | 202943618 | 期刊室512/301自科库 65排5列1层/ [索取号:TP391.41/X832] | 在馆 | |
| 3 | 294362 | 202943627 | 自科库301/301自科库 98排2列3层/ [索取号:TP391.41/X832] | 在馆 |